Kraje bez klubu w LM/LE w ostatnich 3 sezonach - Statystyki

Ogólne statystyki
  • Ten quiz został rozwiązany 738 razy
  • Średni wynik to 14 z 20
Statystyki odpowiedzi
Odpowiedź % Poprawnych
Polska
95%
Litwa
85%
Łotwa
85%
Estonia
83%
Finlandia
83%
San Marino
83%
Andora
80%
Irlandia
80%
Liechtenstein
80%
Islandia
72%
Kosowo
72%
Malta
67%
Czarnogóra
66%
Bośnia i Hercegowina
65%
Gruzja
59%
Walia
59%
Armenia
57%
Irlandia Północna
57%
Gibraltar
47%
Wyspy Owcze
35%
Nie znaleziono quizów pasujących do podanych kryteriów
Rozkład punktacji
Procent ludzi z każdym wynikiem
Percentyl według liczby udzielonych odpowiedzi
Twoja historia wyników
Nie rozwiązałeś tego quizu